| Tag |
First Indicator |
Second Indicator |
Subfields |
| LEADER |
00000cam a2200000 a 4500 |
| 001 |
in00000016946 |
| 005 |
20151007053335.0 |
| 008 |
870814s1987 enkabf b 00100 eng d |
| 020 |
|
|
|a 085668385X
|
| 035 |
|
|
|a (OCoLC)16462688
|
| 035 |
|
|
|9 AAB1286AM
|
| 040 |
|
|
|a TXH
|c TXH
|d TXA
|d UtOrBLW
|
| 043 |
|
|
|a a-ii---
|a a-pk---
|
| 049 |
|
|
|a TXAM
|c [A12610672]
|
| 050 |
|
4 |
|a DS418
|b .S87 1987
|
| 245 |
0 |
0 |
|a Studies in the archaeology of India and Pakistan /
|c editor, Jerome Jacobson.
|
| 264 |
|
1 |
|a Warminster, England :
|b Aris & Phillips Ltd, in cooperation with American Institute of Indian Studies,
|c [1987]
|
| 264 |
|
4 |
|c ©1987
|
| 300 |
|
|
|a xx, 327 pages, 7 unnumbered pages of plates :
|b illustrations, maps ;
|c 25 cm.
|
| 336 |
|
|
|a text
|b txt
|2 rdacontent
|
| 337 |
|
|
|a unmediated
|b n
|2 rdamedia
|
| 338 |
|
|
|a volume
|b nc
|2 rdacarrier
|
| 500 |
|
|
|a Publisher on spine: Oxford & IBH.
|
| 504 |
|
|
|a Includes bibliographies and index.
|
| 651 |
|
0 |
|a India
|x Antiquities.
|
| 651 |
|
0 |
|a Pakistan
|x Antiquities.
|
| 700 |
1 |
|
|a Jacobson, Jerome.
|
| 999 |
|
|
|a MARS
|
| 999 |
f |
f |
|s 328f006a-75bb-38d7-b372-15e7bd6535df
|i 3bb5fa53-348c-3f4c-a983-cbe66124c0a8
|t 0
|
| 952 |
f |
f |
|p ric
|a Texas A&M University
|b Rellis Campus
|c Joint Library Facility
|d Remote Storage
|t 0
|e DS418 .S87 1987
|h Library of Congress classification
|i unmediated -- volume
|m A14812610672
|
| 998 |
f |
f |
|a DS418 .S87 1987
|t 0
|l Remote Storage
|